000 00388nam a2200169Ia 4500
003 0STCL
008 150530s9999 xx 000 0 und d
040 _aSTCL
_cSTCL
100 _aJagateesh Prasad Kausk
245 _aKavya Evam Kavyaroop
260 _bGranth Vikar ; Jaipur
_c1987
300 _a0
546 _aHindi
942 _2ddc
_cBK
999 _c65001
_d65001
005 20220125171256.0